[Event "Bushehr Lian op 7th"]
[Site "Bushehr"]
[Date "2015.11.13"]
[Round "5"]
[White "Vahidi, Mohammad"]
[Black "Ahmadi, Akbar"]
[Result "1-0"]
[WhiteElo "2114"]
[BlackElo "1899"]
[PlyCount "91"]
[EventDate "2015.11.11"]
[EventType "swiss"]
[EventRounds "9"]
[EventCountry "IRI"]
[SourceTitle "CBM 169 Extra"]
[Source "ChessBase"]
[SourceDate "2015.12.18"]
[SourceVersion "1"]
[SourceVersionDate "2015.12.18"]
[SourceQuality "1"]

1. d4 Nf6 2. Nf3 e6 3. c4 c5 4. Nc3 cxd4 5. Nxd4 e5 6. Ndb5 d5 7. Nxd5 Nxd5 8. Qxd5 Bb4+ 9. Bd2 Bxd2+ 10. Qxd2 Qxd2+ 11. Kxd2 Na6 12. e4 0-0 13. Bd3 Rd8 14. Kc3 Be6 15. Rhd1 Nc5 16. Bc2 a6 17. Nc7 Rac8 18. Rxd8+ Rxd8 19. b4 Rc8 20. Nd5 Bxd5 21. exd5 Nd7 22. Bf5 Rd8 23. Bxd7 Rxd7 24. Re1 f6 25. a4 Kf7 26. Rd1 Ke7 27. c5 h6 28. b5 axb5 29. axb5 Rd8 30. b6 Ra8 31. Rd2 Kd7 32. Kb3 Ra5 33. Rc2 Kc8 34. Kb4 Ra1 35. c6 Ra6 36. Kb5 Ra1 37. cxb7+ Kxb7 38. Rc7+ Kb8 39. Rxg7 Rd1 40. Kc6 Rc1+ 41. Kd6 e4 42. Ke6 Rc2 43. d6 Rxf2 44. d7 Rd2 45. Rg8+ Kb7 46. d8Q 1-0